000 02850cam a2200349 a 4500
003 EG-GiCUC
005 20250223032306.0
008 190523s2018 ua h f m 000 0 eng d
040 _aEG-GiCUC
_beng
_cEG-GiCUC
041 0 _aeng
049 _aDeposite
097 _aM.Sc
099 _aCai01.21.04.M.Sc.2018.Su.E
100 0 _aSuzy Samih Nazmy
245 1 0 _aEffect of compression therapy versus calf muscle strengthening exercise on varicose vein in obese post-menopausal women /
_cSuzy Samih Nazmy ; Supervised Amel Mohamed Yousef , Mohmed Hasan Mostafa , Gehan Ali Ebdelsamea
246 1 5 _aتأثير العلاج بالضغط مقابل تمرينات التقوية لعضلة بطن الساق و علاقتها بالدوالى فى السيدات البدينات بعد انقطاع الطمث
260 _aCairo :
_bSuzy Samih Nazmy ,
_c2018
300 _a75 P. :
_bfacsimiles ;
_c25cm
502 _aThesis (M.Sc.) - Cairo University - Faculty of Physical Therapy - Department of Physical Therapy for Gynecology and Obstetrics
520 _aBackground: It is generally believed that women are more commonly affected by varicose veins than men and most studies have shown a female predominance of varicose veins. Obesity has been identified as a risk factor associated with the development of chronic venous disease. Purpose of study: Was conducted to compare between the effect of compression therapy and calf muscles strengthening exercise on varicose veins in obese post-menopausal women. Subjects and methods, thirty obese post menopausal women complaining from unilateral leg varicose veins were selected from out patient clinic Elkasr Elainy{u2013}university hospital, their age ranged between 48-65 years old and their body mass index (BMI) ranged from 30 to 35 kg/m². They were divided randomly into two groups equal in number: Group A consists of fifteen women, they received compression therapy on affected leg just above the toes until the level of the thigh for 20 minutes three session per week for 4 weeks. Group B consists of fifteen women. They performed calf muscles strengthening exercise, 10 repeations for each exercise-three sessions per week for 4 weeks. Doppler ultra sound is used to assess diameter of Short Saphenous Vein( SSV), lLowenberg provaction test was used to assess venous capacitance and Pain Intensity scale to measure pain intensity for both groups (A&B) before and after treatment
530 _aIssued also as CD
653 4 _aCompression therapy
653 4 _aObesity
653 4 _aVaricose vein
700 0 _aAmel Mohamed Yousef ,
_eSupervisor
700 0 _aGehan Ali Ebdelsamea ,
_eSupervisor
700 0 _aMohmed Hasan Mostafa ,
_eSupervisor
856 _uhttp://172.23.153.220/th.pdf
905 _aNazla
_eRevisor
905 _aSamia
_eCataloger
942 _2ddc
_cTH
999 _c72129
_d72129